| 000 | 00441cam a2200169ua 4500 | ||
|---|---|---|---|
| 020 | _c40.00 | ||
| 041 |
_aeng _h |
||
| 082 |
_a621.317 _bRAO/OP |
||
| 100 | _aRao, B V S . | ||
| 245 |
_aOperation and maintenance of electrical equipment, Vol 1 / _cB V S Rao. _hTextual Documents |
||
| 260 |
_aMumbai : _bAsia Publishing House , _c1963. |
||
| 300 | _a360 ; . | ||
| 365 | _a40.00 | ||
| 504 | _a | ||
| 942 | _cBK | ||
| 999 |
_c9162 _d9162 |
||